NJPW Kazuchika Okada G1 Climax Losses - Statistics

General Stats
  • This quiz has been taken 14 times
  • The average score is 23 of 28
Answer Stats
Year Answer % Correct
2018 Hiroshi Tanahashi
100%
2017 Kenny Omega
100%
2012 Tetsuya Naito
100%
2014 Tetsuya Naito
100%
2023 Tetsuya Naito
100%
2020 Will Ospreay
100%
2023 Will Ospreay
100%
2014 Karl Anderson
90%
2016 Tomohiro Ishii
90%
2016 Bad Luck Fale
80%
2018 Bad Luck Fale
80%
2017 EVIL
80%
2012 Hirooki Goto
80%
2013 Hirooki Goto
80%
2015 Hirooki Goto
80%
2018 Jay White
80%
2020 Jay White
80%
2019 Kota Ibushi
80%
2020 Kota Ibushi
80%
2013 Prince Devitt
80%
2019 Sanada
80%
2012 Shinsuke Nakamura
80%
2015 Shinsuke Nakamura
80%
2013 Togi Makabe
80%
2013 Satoshi Kojima
70%
2021 Tama Tonga
50%
2016 Naomichi Marufuji
40%
2022 JONAH
20%
No matching quizzes found
Score Distribution
Percent of People with Each Score
Percentile by Number Answered
Your Score History
You have not taken this quiz